[Event "AUTO-OPEN-4610"]
[Site "http://www.queenalice.com/game.php?id=1861770"]
[Date "2025.8.18"]
[Round "1"]
[White "Tonto"]
[Black "grotegeest"]
[Result "0-1"]
[WhiteElo "2000"]
[BlackElo "2572"]

1. e4 c5 2. Nf3 d6 3. Be2 Nf6 4. Nc3 Nc6 5. d3 g6 6. b3 Bg7 7. Bb2 O-O 8. O-O e5
9. Nb5 a6 10. Na3 Nh5 11. Nc4 Nf4 12. Bc1 b5 13. Ne3 f5 14. exf5 e4 15. dxe4
Bxa1 16. Nd5 Nxe2+ 17. Qxe2 Nd4 18. Qe3 Bb7 19. fxg6 Nxf3+ 20. gxf3 Bxd5 21.
gxh7+ Kh8 22. c3 Ra7 23. exd5 Rg7+ 24. Kh1 Qf6 25. f4 Qg6 26. Qg3 Qe4+ 27. f3
Qd3 28. Qf2 Bxc3 29. Rd1 Qxd1+ 0-1